000 00505nam a22001937a 4500
005 20220922132539.0
008 220922b ||||| |||| 00| 0 eng d
020 _a9788191098372
040 _aIN-DiNC
_cIN-DiNC
041 _dasm
082 _a301
_bBOR
100 _aBorgohain, Himanta
_eauthor
245 _aSamajtattwa parichay/
_cby Himanta Borgohain
250 _a1st ed.
260 _aJorhat:
_bBidya bhawan,
_c2019
300 _a300p.
650 _aIntroduction to sociology
942 _2ddc
_cBK
999 _c11392
_d11392